000 00539nmm a2200181Ia 4500
008 251105s9999||||xx |||||||||||||||||und||
020 _a9788492616015
041 _aspa
100 _aDoury, Marianne
245 0 _aLa argumentación hoy: Encuentro entre perspectivas teóricas
264 _a[Madrid, España] :
_bMontesinos,
_c2004
300 _a201 páginas
650 _aPhilosophy of language
700 _aDoury, Marianne
700 1 _a Moirand, Sophie
856 _uhttps://public.digitaliapublishing.com/a/60075
942 _cCF
999 _c64893
_d64893